The world of Premchand : (Record no. 219585)
[ view plain ]
| 000 -LEADER | |
|---|---|
| fixed length control field | 01491nam a2200409 a 4500 |
| 001 - CONTROL NUMBER | |
| control field | vtls000211356 |
| 003 - CONTROL NUMBER IDENTIFIER | |
| control field | NLI |
| 005 - DATE AND TIME OF LATEST TRANSACTION | |
| control field | 20210602121014.0 |
| 008 - FIXED-LENGTH DATA ELEMENTS--GENERAL INFORMATION | |
| fixed length control field | 101126s1969 enk 000 1 eng |
| 020 ## - INTERNATIONAL STANDARD BOOK NUMBER | |
| Terms of availability | Rs. 35.00 |
| 039 #9 - LEVEL OF BIBLIOGRAPHIC CONTROL AND CODING DETAIL [OBSOLETE] | |
| -- | 201011260046 |
| -- | VLOAD |
| 040 0# - CATALOGING SOURCE | |
| Original cataloging agency | NLI |
| Language of cataloging | eng |
| Transcribing agency | VERGIS-2010 |
| Description conventions | AACR2 |
| 041 1# - LANGUAGE CODE | |
| Language code of text/sound track or separate title | eng |
| Language code of original | hin |
| 044 ## - COUNTRY OF PUBLISHING/PRODUCING ENTITY CODE | |
| MARC country code | enk |
| 082 04 - DEWEY DECIMAL CLASSIFICATION NUMBER | |
| Classification number | 891.43 |
| 100 0# - MAIN ENTRY--PERSONAL NAME | |
| Personal name | Premacand |
| 9 (RLIN) | 152691 |
| 245 14 - TITLE STATEMENT | |
| Title | The world of Premchand : |
| Remainder of title | selected stories of Premchand / |
| Statement of responsibility, etc. | translated [from the Hindi] by David Rubin |
| 260 ## - PUBLICATION, DISTRIBUTION, ETC. | |
| Place of publication, distribution, etc. | London : |
| Name of publisher, distributor, etc. | Allen & Unwin, |
| Date of publication, distribution, etc. | 1969 |
| 300 ## - PHYSICAL DESCRIPTION | |
| Extent | 215 p. ; |
| Dimensions | 22 cm. |
| 440 #0 - SERIES STATEMENT/ADDED ENTRY--TITLE | |
| Title | UNESCO Asian fiction series ; |
| Volume/sequential designation | 3 |
| 9 (RLIN) | 402579 |
| 440 #0 - SERIES STATEMENT/ADDED ENTRY--TITLE | |
| Title | UNESCO collection of representative works. |
| Name of part/section of a work | Indian series. |
| 9 (RLIN) | 195847 |
| 500 ## - GENERAL NOTE | |
| General note | Glossary : p. 213-215 |
| 500 ## - GENERAL NOTE | |
| General note | Library has 2 cops. |
| 600 00 - SUBJECT ADDED ENTRY--PERSONAL NAME | |
| Personal name | Premacanda, |
| Dates associated with a name | 1881-1936 |
| 9 (RLIN) | 392069 |
| 650 #0 - SUBJECT ADDED ENTRY--TOPICAL TERM | |
| Topical term or geographic name entry element | Hindi fiction |
| General subdivision | Translations into English |
| 9 (RLIN) | 2976 |
| 651 #0 - SUBJECT ADDED ENTRY--GEOGRAPHIC NAME | |
| Geographic name | India |
| General subdivision | Social life and customs |
| -- | Fiction |
| 9 (RLIN) | 296862 |
| 700 1# - ADDED ENTRY--PERSONAL NAME | |
| Personal name | Rubin, David, |
| Relationship | trl |
| 9 (RLIN) | 211518 |
| 887 ## - NON-MARC INFORMATION FIELD | |
| Content of non-MARC field | |
| 901 ## - LOCAL DATA ELEMENT A, LDA (RLIN) | |
| a | 394769 |
| b | 04.03.1970 |
| 9 | c.1 |
| 901 ## - LOCAL DATA ELEMENT A, LDA (RLIN) | |
| a | 394370 |
| b | 24.02.1970 |
| 9 | c.2 |
| 902 ## - LOCAL DATA ELEMENT B, LDB (RLIN) | |
| a | E 891.43 Sr 38 w |
| 949 ## - LOCAL PROCESSING INFORMATION (OCLC) | |
| -- | VIRTUAITEM |
| -- | 10000 |
| -- | 100 |
| 6 | PUR000394769ENG |
| 9 | . |
| 942 ## - ADDED ENTRY ELEMENTS (KOHA) | |
| Source of classification or shelving scheme | Dewey Decimal Classification |
| Koha item type | Books |
| 949 ## - LOCAL PROCESSING INFORMATION (OCLC) | |
| -- | VIRTUAITEM |
| -- | 10000 |
| -- | 100 |
| 6 | PUR000394370ENG |
| 991 ## - | |
| -- | Shamshadsabir 19.03.2010 |
| Withdrawn status | Lost status | Damaged status | Not for loan | Collection code | Home library | Current library | Shelving location | Date acquired | Total Checkouts | Full call number | Barcode | Date last seen | Price effective from | Koha item type |
|---|---|---|---|---|---|---|---|---|---|---|---|---|---|---|
| New English | National Library of India | National Library of India | New English - Main Stack Division | E 891.43 Sr 38 w | PUR000394769ENG | 02/06/2021 | 02/06/2021 | Books | ||||||
| New English | National Library of India | National Library of India | New English - Main Stack Division | E 891.43 Sr 38 w | PUR000394370ENG | 02/06/2021 | 02/06/2021 | Books |
